000 01058nam a2200289Ia 4500
001 ebr10602071
003 CaPaEBR
006 m u
007 cr cn|||||||||
008 111102s2012 inua s 001 0 eng d
020 _z9781118401415
020 _z9781118491355
040 _aCaPaEBR
_cCaPaEBR
035 _a(OCoLC)811142559
050 1 4 _aQA76.774.M33
_bM34 2012eb
100 1 _aMcFedries, Paul.
245 1 0 _aOS X Mountain Lion simplified
_h[electronic resource] /
_cby Paul McFedries.
260 _aIndianapolis, IN :
_bWiley,
_c2012.
300 _a253 p. :
_bill.
500 _aIncludes index.
533 _aElectronic reproduction.
_bPalo Alto, Calif. :
_cebrary,
_d2011.
_nAvailable via World Wide Web.
_nAccess may be limited to ebrary affiliated libraries.
630 0 0 _aMac OS.
650 0 _aOperating systems (Computers)
655 7 _aElectronic books.
_2local
710 2 _aebrary, Inc.
856 4 0 _uhttp://site.ebrary.com/lib/rucke/Doc?id=10602071
_zAn electronic book accessible through the World Wide Web; click to view
999 _c194908
_d194908